Actas de las I Jornadas de Onomástica, toponimia: Vitoria-Gasteiz, abril de 1986

Gorde:
Xehetasun bibliografikoak
Egile Nagusiak: Knörr, Endrike (Egilea), Líbano, María Angeles (Egilea)
Formatua: Liburua
Hizkuntza:gaztelania
euskara
frantsesa
Argitaratua: Bilbao Euskaltzaindia 1991
Saila:Onomasticon Vasconiae, 4
Gaiak:
Etiketak: Etiketa erantsi
Etiketarik gabe, Izan zaitez lehena erregistro honi etiketa jartzen!

MARC

LEADER 00000nam a2200000 a 4500
001 UCK5095
003 CL-VaPUC
005 20210521001556.0
008 050708e19910000sp 1 spa d
020 |a 8485479599 
041 0 7 |a spa  |2 CL-VaPUC 
041 0 7 |a baq  |2 CL-VaPUC 
041 0 7 |a fre  |2 CL-VaPUC 
082 0 4 |a 910.014  |b KNO  |2 21 
100 1 |a Knörr, Endrike  |e author  |9 620768 
700 1 |a Líbano, María Angeles  |e author  |9 620769 
245 1 0 |a Actas de las I Jornadas de Onomástica, toponimia: Vitoria-Gasteiz, abril de 1986 
246 1 0 |a I Onomastika Jardunaldien Agiriak, toponimia: Gasteiz, 1986ko apirila 
260 |a Bilbao  |b Euskaltzaindia  |c 1991 
300 |a 397 p 
490 0 |a Onomasticon Vasconiae, 4 
583 |a last modification  |c 20190910 11:45:12  |k Rodrigo Vera 
650 0 7 |a NOMBRES GEOGRAFICOS  |2 CL-VaPUC  |9 330729 
650 0 7 |a TOPONIMIA  |2 CL-VaPUC  |9 620770 
650 0 0 |a Historia de España  |9 315435 
651 0 |a España  |9 254926 
942 |c BK 
945 |a jcarroza  |d 20050708 00:00:00 
546 |a En Español 
546 |a En Euskera 
546 |a En Francés 
536 |a Real Academia de la Lengua Vasca 
518 |p Actas de las Jornadas de Onomástica toponimia, 1, Vitoria-Gasteiz, abril de 1986 
999 |c 384149  |d 384147 
952 |0 0  |1 0  |4 0  |6 910_014000000000000_KNO_1991  |7 0  |8 A  |9 506641  |a BIBEDU  |b BIBEDU  |d 2020-01-23  |i 4100778  |o 910.014 KNO 1991  |p 4100778  |r 2020-01-23  |w 2020-01-23  |y BK  |k LIT